Retrouvez ces joueurs de football #11 - Statistiques

Statistiques générales
  • Ce quiz a été pris 687 fois
  • Le résultat moyen est 9 sur 15
Statistiques - réponses
Par images Réponse % Correct
Frenkie De Jong
96%
Raheem Sterling
85%
Jadon Sancho
83%
Alphonso Davies
82%
Aaron Ramsey
69%
Mehdi Taremi
68%
Heung-min Son
65%
Guillermo Ochoa
61%
Dusan Tadic
59%
Diego Godín
58%
Sergej Milinkovic-Savic
50%
Kaoru Mitoma
43%
Krzysztof Piatek
40%
Piotr Zielinski
12%
Akram Afif
4%
Aucun quiz correspondant
Distribution des résultats
% des personnes avec chaque résultat
Percentile par nombre de réponses
Votre historique - résultats
Vous n’avez pas pris ce quiz